000 00642nam a2200193 a 4500
001 000029038
005 20240226142655.0
008 110413s1988 dr 000 0 spa d
040 _aDO-SdBNP
_bspa
_cBNPHU
082 _axxxx
_bC322m
100 1 _aCartagena Portalatín, Aída,
_d1918-1994
_923557
245 1 3 _aLa mujer dominicana y el quehacer literario /
_cAida Cartagena Portalatín ; coordinadora Daysi Cocco de Filippis.
260 _aSanto Domingo :
_bUniversitaria,
_c1988.
300 _a13 p. ;
_c21 cm.
490 1 _aMontesino
700 1 _aCocco Filippis, Daysi de,
_ecoord.
_955952
830 0 _aMontesino
_955953
049 _aBNPD
999 _c28530
_d28530